[Event "Olympiad-40"]
[Site "Istanbul"]
[Date "2012.09.06"]
[Round "9.4"]
[White "Singh, Jasvindar"]
[Black "Howell, Shamel"]
[Result "0-1"]
[WhiteElo "2200"]
[BlackElo "2111"]
[PlyCount "100"]
[EventDate "2012.08.28"]
[EventType "team-swiss"]
[EventRounds "11"]
[EventCountry "TUR"]
[SourceTitle "CBM 151"]
[Source "ChessBase"]
[SourceDate "2012.11.13"]
[SourceVersion "1"]
[SourceVersionDate "2012.11.13"]
[SourceQuality "1"]
[WhiteTeam "Fiji"]
[BlackTeam "Barbados"]
[WhiteTeamCountry "FIJ"]
[BlackTeamCountry "BAR"]

1. d4 c5 2. d5 Nf6 3. c4 g6 4. Bf4 Bg7 5. Nc3 Qa5 6. Qd2 d6 7. f3 0-0 8. Bh6 e5 9. Bxg7 Kxg7 10. g4 a6 11. h4 h5 12. g5 Nh7 13. Ne4 Qxd2+ 14. Kxd2 Rd8 15. Bh3 Bxh3 16. Nxh3 b5 17. b3 Ra7 18. Rhg1 Kf8 19. Rab1 b4 20. e3 a5 21. Ra1 Ke7 22. Rgf1 Nd7 23. f4 f5 24. Ng3 e4 25. Ne2 a4 26. Nf2 Rda8 27. Rac1 axb3 28. axb3 Ra2+ 29. Rc2 Rxc2+ 30. Kxc2 Ra2+ 31. Kd1 Nb6 32. Nc1 Rb2 33. Ke1 Nf8 34. Rh1 Rc2 35. Ne2 Nfd7 36. Kd1 Rb2 37. Re1 Rxb3 38. Nc1 Rb2 39. Re2 Rxe2 40. Nxe2 Nxc4 41. Kc2 Nxe3+ 42. Kb3 Nb6 43. Ng3 Nbxd5 44. Ne2 c4+ 45. Kb2 Nb6 46. Nd4 Na4+ 47. Kc1 b3 48. Nb5 c3 49. Nxc3 Nxc3 50. Kb2 Ncd1+ 0-1

[Event "Olympiad-40"]
[Site "Istanbul"]
[Date "2012.09.03"]
[Round "6.4"]
[White "Ezhov, Roman"]
[Black "Howell, Shamel"]
[Result "1/2-1/2"]
[WhiteElo "2185"]
[BlackElo "2111"]
[PlyCount "88"]
[EventDate "2012.08.28"]
[EventType "team-swiss"]
[EventRounds "11"]
[EventCountry "TUR"]
[SourceTitle "CBM 151"]
[Source "ChessBase"]
[SourceDate "2012.11.13"]
[SourceVersion "1"]
[SourceVersionDate "2012.11.13"]
[SourceQuality "1"]
[WhiteTeam "Estonia"]
[BlackTeam "Barbados"]
[WhiteTeamCountry "EST"]
[BlackTeamCountry "BAR"]

1. e4 c5 2. Nf3 d6 3. d4 cxd4 4. Nxd4 Nf6 5. Nc3 a6 6. f4 e5 7. Nf3 Qc7 8. Bd3 Be7 9. 0-0 0-0 10. Qe2 Nbd7 11. Kh1 b5 12. Bd2 Bb7 13. Rae1 Nc5 14. b4 Nxd3 15. cxd3 Rac8 16. Rc1 Qb8 17. Nh4 Rfe8 18. Nf5 Bd8 19. Qf2 Kh8 20. fxe5 dxe5 21. Bg5 Re6 22. Qh4 Ng8 23. Bxd8 Rxd8 24. Rf3 Rd7 25. Rh3 h6 26. Rg3 Rg6 27. Ne2 Rc7 28. Rf1 Qf8 29. a3 Rxg3 30. Qxg3 Rc2 31. Ng1 Rc3 32. Qxe5 Rxd3 33. Nf3 f6 34. N5h4 Qf7 35. Qc5 Qe8 36. e5 Bxf3 37. Nxf3 Rxa3 38. Re1 fxe5 39. Nxe5 Nf6 40. Nf3 Qg6 41. Ne5 Qe4 42. Qc1 Qxb4 43. Qc8+ Kh7 44. Qf5+ Kg8 1/2-1/2

[Event "Caribbean sub zt 2.3.5"]
[Site "Nassau"]
[Date "2010.06.30"]
[Round "7"]
[White "Howell, Shamel"]
[Black "Machin Rivera, Mark"]
[Result "1/2-1/2"]
[WhiteElo "2078"]
[BlackElo "2212"]
[PlyCount "135"]
[EventDate "2010.06.26"]
[EventType "swiss"]
[EventRounds "9"]
[EventCountry "BAH"]
[SourceTitle "EXT 2019"]
[Source "ChessBase"]
[SourceDate "2018.10.10"]
[SourceVersion "1"]
[SourceVersionDate "2018.10.10"]
[SourceQuality "1"]

1. e4 g6 2. d4 Bg7 3. c4 d6 4. Nc3 Nf6 5. h3 0-0 6. Nf3 e5 7. dxe5 dxe5 8. Qxd8 Rxd8 9. Nd5 Nxd5 10. cxd5 c6 11. Bc4 cxd5 12. Bxd5 Nd7 13. 0-0 Nf6 14. Bg5 Re8 15. Bxf6 Bxf6 16. Rac1 Bd8 17. Rfd1 Kg7 18. Rc5 Bb6 19. Rc4 Rb8 20. Ng5 Re7 21. Rc2 Ba5 22. a3 f6 23. Nf3 Bd7 24. Rdc1 Ba4 25. b3 Be8 26. b4 Bb6 27. Nd2 Bf7 28. Rc8 Rxc8 29. Rxc8 Bxd5 30. exd5 Rd7 31. Nc4 Bd8 32. Rb8 Kf7 33. Rxb7 Rxb7 34. Nd6+ Ke7 35. Nxb7 Bb6 36. a4 Kd7 37. a5 Bd4 38. a6 Kc7 39. d6+ Kc6 40. Kf1 Bb6 41. f3 Kb5 42. d7 Kxa6 43. d8Q Bxd8 44. Nxd8 Kb5 45. Ke2 a6 46. Kd3 Kxb4 47. Nc6+ Kb5 48. Ne7 Kc5 49. Ng8 f5 50. g4 a5 51. g5 a4 52. Nf6 a3 53. Kc3 a2 54. Kb2 Kd4 55. Kxa2 e4 56. fxe4 f4 57. e5 Kxe5 58. Kb2 f3 59. Kc2 Kf4 60. Kd2 Kxg5 61. Nxh7+ Kh4 62. Ke1 Kg3 63. Kf1 Kxh3 64. Kf2 Kg4 65. Nf6+ Kf4 66. Nd5+ Ke4 67. Nc3+ Kf4 68. Nd5+ 1/2-1/2

[Event "Caribbean sub zt 2.3.5"]
[Site "Nassau"]
[Date "2010.06.26"]
[Round "1"]
[White "Sanchez Castillo, Sarai Carolina"]
[Black "Howell, Shamel"]
[Result "1-0"]
[WhiteElo "2263"]
[BlackElo "2078"]
[PlyCount "61"]
[EventDate "2010.06.26"]
[EventType "swiss"]
[EventRounds "9"]
[EventCountry "BAH"]
[SourceTitle "EXT 2019"]
[Source "ChessBase"]
[SourceDate "2018.10.10"]
[SourceVersion "1"]
[SourceVersionDate "2018.10.10"]
[SourceQuality "1"]

1. e4 e5 2. d4 exd4 3. Qxd4 Nc6 4. Qe3 Nf6 5. Nc3 Bb4 6. Bd2 0-0 7. 0-0-0 Re8 8. Qg3 Rxe4 9. a3 Rg4 10. Qe3 Bxc3 11. Bxc3 Rg6 12. h4 d6 13. f3 Nd7 14. g4 Re6 15. Qf2 Nc5 16. Nh3 Na4 17. Bd4 Nb6 18. Nf4 Re7 19. Nh5 Qf8 20. g5 Bf5 21. Ng3 Bd7 22. Bd3 Rae8 23. h5 Re5 24. h6 Rxg5 25. Bxh7+ Kh8 26. Nh5 Rxh5 27. Rxh5 Re5 28. hxg7+ Qxg7 29. Rxe5 dxe5 30. Qh4 f6 31. Bf5+ 1-0

[Event "Pan American Intercollegiate-chT"]
[Site "South Padre Island"]
[Date "2009.12.29"]
[Round "5"]
[White "Molner, Mackenzie"]
[Black "Howell, Shamel"]
[Result "1-0"]
[WhiteElo "2397"]
[BlackElo "2071"]
[PlyCount "85"]
[EventDate "2009.12.27"]
[EventType "team-swiss"]
[EventRounds "6"]
[EventCountry "USA"]
[SourceTitle "CBM 134 Extra"]
[Source "ChessBase"]
[SourceDate "2010.03.03"]
[SourceVersion "1"]
[SourceVersionDate "2010.03.03"]
[SourceQuality "1"]

1. e4 e5 2. Nf3 Nc6 3. Bc4 Bc5 4. b4 Bxb4 5. c3 Ba5 6. d4 exd4 7. 0-0 Nf6 8. Ba3 d6 9. e5 Ne4 10. exd6 cxd6 11. cxd4 0-0 12. d5 Qf6 13. dxc6 Qxa1 14. Qd5 Nc5 15. Bxc5 dxc5 16. cxb7 Bxb7 17. Qxb7 Rab8 18. Bxf7+ Kh8 19. Qe4 Qf6 20. Bb3 Rb4 21. Qe5 Rc8 22. Nbd2 Qxe5 23. Nxe5 g6 24. Ndc4 Bc7 25. Nd3 Rb5 26. g3 Bb8 27. Re1 Rb7 28. Ba4 Kg7 29. Re6 Kf7 30. Ra6 Re7 31. Bb3 Kg7 32. Ra5 Rec7 33. Kg2 h6 34. Ba4 Kh7 35. Bc2 Re7 36. Ra6 Re2 37. Bb1 Rf8 38. Kf1 Re4 39. Ndb2 Rg4 40. Ne3 Rg5 41. Nbc4 Rg8 42. h4 Rh5 43. Bd3 1-0

[Event "Barbados-ch"]
[Site "Bridgetown"]
[Date "2009.09.28"]
[Round "11"]
[White "Howell, Shamel"]
[Black "Del Castilho, Martyn Simon"]
[Result "1/2-1/2"]
[WhiteElo "2068"]
[BlackElo "2185"]
[PlyCount "24"]
[EventDate "2009.09.05"]
[EventType "tourn"]
[EventRounds "11"]
[EventCountry "BAR"]
[SourceTitle "EXT 2024"]
[Source "ChessBase"]
[SourceDate "2023.10.10"]
[SourceVersion "1"]
[SourceVersionDate "2023.10.10"]
[SourceQuality "1"]

1. d4 Nf6 2. c4 g6 3. Nc3 d5 4. cxd5 Nxd5 5. e4 Nxc3 6. bxc3 Bg7 7. Nf3 c5 8. Bc4 Nc6 9. Be3 0-0 10. 0-0 cxd4 11. cxd4 Bg4 12. Rb1 Rc8 1/2-1/2

[Event "Barbados-ch"]
[Site "Bridgetown"]
[Date "2009.09.16"]
[Round "6"]
[White "Harewood, Othneil"]
[Black "Howell, Shamel"]
[Result "0-1"]
[WhiteElo "1928"]
[BlackElo "2068"]
[PlyCount "88"]
[EventDate "2009.09.05"]
[EventType "tourn"]
[EventRounds "11"]
[EventCountry "BAR"]
[SourceTitle "EXT 2024"]
[Source "ChessBase"]
[SourceDate "2023.10.10"]
[SourceVersion "1"]
[SourceVersionDate "2023.10.10"]
[SourceQuality "1"]

1. d4 Nf6 2. c4 g6 3. Nc3 Bg7 4. Nf3 0-0 5. e4 d6 6. Be2 e5 7. d5 a5 8. h4 Na6 9. Bd2 Nc5 10. Qc2 Bg4 11. Ng1 Bxe2 12. Ngxe2 c6 13. Ng3 cxd5 14. cxd5 Rc8 15. Be3 b5 16. Bxc5 Rxc5 17. Qe2 Qc8 18. 0-0 b4 19. Nb5 Qa6 20. Nd4 Qxe2 21. Ndxe2 Rc2 22. b3 Nxe4 23. Nxe4 Rxe2 24. Rfe1 Rxe1+ 25. Rxe1 f5 26. Ng5 Rc8 27. Re2 Bf6 28. Nf3 e4 29. Ng5 h6 30. Ne6 Bxh4 31. g3 Bf6 32. f3 exf3 33. Rf2 Rc3 34. Rd2 g5 35. Kf2 g4 36. Nd4 Bg5 37. Rd1 Be3+ 38. Kf1 f4 39. Nf5 fxg3 40. Nxg3 Rc2 41. Nf5 Bf4 42. Rd4 g3 43. Nxg3 Be3 44. Rd1 Rg2 0-1

[Event "Barbados-ch"]
[Site "Bridgetown"]
[Date "2009.09.09"]
[Round "3"]
[White "Daniel, Kelvin"]
[Black "Howell, Shamel"]
[Result "1/2-1/2"]
[WhiteElo "2036"]
[BlackElo "2068"]
[PlyCount "68"]
[EventDate "2009.09.05"]
[EventType "tourn"]
[EventRounds "11"]
[EventCountry "BAR"]
[SourceTitle "EXT 2024"]
[Source "ChessBase"]
[SourceDate "2023.10.10"]
[SourceVersion "1"]
[SourceVersionDate "2023.10.10"]
[SourceQuality "1"]

1. d4 Nf6 2. Nf3 g6 3. c4 Bg7 4. Nc3 0-0 5. e4 d6 6. Be2 e5 7. 0-0 Nc6 8. d5 Ne7 9. Ne1 Nd7 10. Be3 f5 11. f3 f4 12. Bf2 Kh8 13. b4 a5 14. a3 b6 15. Rc1 axb4 16. axb4 Ba6 17. Nc2 Ng8 18. Na3 g5 19. Nab5 Ngf6 20. Rc2 Ne8 21. Ra2 Bb7 22. Qa1 Rxa2 23. Qxa2 Bf6 24. Ra1 Rg8 25. Qa7 Qc8 26. Na4 Rg7 27. c5 bxc5 28. bxc5 dxc5 29. Nxc5 Nxc5 30. Qxc5 Qb8 31. Qf8+ Rg8 32. Qc5 Rg7 33. Qf8+ Rg8 34. Qc5 Rg7 1/2-1/2

[Event "Barbados-ch"]
[Site "Bridgetown"]
[Date "2009.09.05"]
[Round "1"]
[White "Blackman, Justin"]
[Black "Howell, Shamel"]
[Result "1-0"]
[WhiteElo "2112"]
[BlackElo "2068"]
[PlyCount "67"]
[EventDate "2009.09.05"]
[EventType "tourn"]
[EventRounds "11"]
[EventCountry "BAR"]
[SourceTitle "EXT 2024"]
[Source "ChessBase"]
[SourceDate "2023.10.10"]
[SourceVersion "1"]
[SourceVersionDate "2023.10.10"]
[SourceQuality "1"]

1. b4 Nf6 2. Bb2 e6 3. b5 d5 4. e3 c6 5. a4 a6 6. c4 Be7 7. Nf3 0-0 8. bxa6 Nxa6 9. Nc3 Nc5 10. Qc2 b6 11. d4 Nce4 12. Bd3 Nd6 13. Ne5 Qc7 14. 0-0 Ba6 15. cxd5 cxd5 16. Bxa6 Rxa6 17. Rfc1 Rc8 18. Qd3 Qb7 19. Ba3 Nc4 20. Bxe7 Qxe7 21. e4 Raa8 22. exd5 exd5 23. Nxd5 Nxd5 24. Rxc4 Qb7 25. Rxc8+ Rxc8 26. Qf5 g6 27. Qf3 Rc3 28. Qe4 f5 29. Qh4 Kg7 30. Re1 h6 31. Qd8 Rc8 32. Qd6 Nf4 33. Nf3 Rc7 34. Qxf4 1-0

[Event "Caribbean op"]
[Site "Port of Spain"]
[Date "2009.08.06"]
[Round "5"]
[White "Howell, Shamel"]
[Black "Marichal Gonzalez, Ariel"]
[Result "0-1"]
[WhiteElo "2060"]
[BlackElo "2228"]
[PlyCount "108"]
[EventDate "2009.08.04"]
[EventType "swiss"]
[EventRounds "9"]
[EventCountry "TRI"]
[SourceTitle "EXT 2015"]
[Source "ChessBase"]
[SourceDate "2014.11.20"]
[SourceVersion "1"]
[SourceVersionDate "2014.11.20"]
[SourceQuality "1"]

1. d4 d5 2. c4 e6 3. Nf3 Nf6 4. Nc3 Be7 5. Qc2 0-0 6. Bg5 Nbd7 7. Rd1 c6 8. e3 Re8 9. h3 Nh5 10. Bxe7 Qxe7 11. a3 Nhf6 12. Be2 dxc4 13. Bxc4 a6 14. 0-0 b5 15. Be2 c5 16. a4 b4 17. Ne4 Nxe4 18. Qxe4 Rb8 19. Bd3 g6 20. Qf4 cxd4 21. exd4 Bb7 22. Ne5 Nb6 23. Ng4 Nd5 24. Qe5 f6 25. Qg3 Kg7 26. Rfe1 Qc7 27. Qh4 h5 28. Rc1 Qf4 29. g3 Qxd4 30. Rc4 Qxd3 31. Rc7+ Kh8 32. Nxf6 Nxc7 33. Qg5 Kg7 34. Nxh5+ Kh7 35. Nf6+ Kg7 36. Qe5 Re7 37. Ng4+ Kg8 38. Nf6+ Kf7 39. Ng4 Qf3 40. Nh6+ Ke8 41. Qh8+ Kd7 42. Qd4+ Bd5 43. Kf1 Qg2+ 44. Ke2 Qe4+ 45. Qxe4 Bxe4 46. Ng4 Bd5 47. Ne3 Kd6 48. Rd1 Rf8 49. f4 Kc5 50. Rc1+ Kb6 51. Kd3 Rd8 52. Kd4 e5+ 53. fxe5 Ne6+ 54. Kd3 Bf3+ 0-1

[Event "Caribbean op"]
[Site "Port of Spain"]
[Date "2009.08.05"]
[Round "3"]
[White "Joseph, Marcus"]
[Black "Howell, Shamel"]
[Result "0-1"]
[WhiteElo "2158"]
[BlackElo "2060"]
[PlyCount "57"]
[EventDate "2009.08.04"]
[EventType "swiss"]
[EventRounds "9"]
[EventCountry "TRI"]
[SourceTitle "EXT 2015"]
[Source "ChessBase"]
[SourceDate "2014.11.20"]
[SourceVersion "1"]
[SourceVersionDate "2014.11.20"]
[SourceQuality "1"]

1. e4 e5 2. f4 exf4 3. Nf3 g5 4. Bc4 Bg7 5. h4 g4 6. Ng5 Nh6 7. 0-0 f6 8. d4 fxg5 9. hxg5 Nc6 10. c3 Qxg5 11. Bxf4 Qh4 12. g3 Qe7 13. Na3 d6 14. Qa4 Bd7 15. Nb5 Rc8 16. Qa3 a6 17. Nxc7+ Rxc7 18. Bxd6 Qg5 19. Bxc7 Nxd4 20. Bf4 Qg6 21. cxd4 Bxd4+ 22. Be3 Qxe4 23. Rae1 Kd8 24. Rf8+ Kc7 25. Rxh8 Nf5 26. Be6 Nxe3 27. Rxe3 Bxe3+ 28. Kf1 Qf3+ 29. Ke1 0-1

[Event "Barbados-ch"]
[Site "Bridgetown"]
[Date "2007.10.13"]
[Round "10"]
[White "Daniel, Kelvin"]
[Black "Howell, Shamel"]
[Result "0-1"]
[WhiteElo "2030"]
[BlackElo "1999"]
[PlyCount "82"]
[EventDate "2007.09.22"]
[EventType "tourn"]
[EventRounds "11"]
[EventCountry "BAR"]
[SourceTitle "EXT 2024"]
[Source "ChessBase"]
[SourceDate "2023.10.10"]
[SourceVersion "1"]
[SourceVersionDate "2023.10.10"]
[SourceQuality "1"]

1. d4 d5 2. c4 e6 3. Nc3 Nf6 4. Nf3 Be7 5. e3 0-0 6. Bd3 b6 7. 0-0 Bb7 8. b3 Nbd7 9. Bb2 Ne4 10. Qe2 f5 11. Rad1 Rf6 12. Ne5 Rh6 13. cxd5 exd5 14. f3 Nxe5 15. dxe5 Nxc3 16. Bxc3 Bc5 17. f4 Qh4 18. h3 Rf8 19. Bd4 Be7 20. Kh2 c5 21. Bc3 Rg6 22. Be1 Qh6 23. g3 Re6 24. Qg2 Ba8 25. Qc2 Qh5 26. Be2 Qf7 27. Bf3 Rh6 28. Qg2 Rd8 29. Bc3 g5 30. Kg1 g4 31. hxg4 fxg4 32. Bxg4 d4 33. Bf3 Bxf3 34. Qxf3 dxc3 35. Rxd8+ Bxd8 36. Rd1 Be7 37. f5 c2 38. Rc1 Qh5 39. Qa8+ Bf8 40. Rxc2 Qd1+ 41. Kf2 Rh2+ 0-1

[Event "Barbados-ch"]
[Site "Bridgetown"]
[Date "2007.10.01"]
[Round "5"]
[White "Barker, Michael"]
[Black "Howell, Shamel"]
[Result "0-1"]
[WhiteElo "1805"]
[BlackElo "1999"]
[PlyCount "84"]
[EventDate "2007.09.22"]
[EventType "tourn"]
[EventRounds "11"]
[EventCountry "BAR"]
[SourceTitle "EXT 2024"]
[Source "ChessBase"]
[SourceDate "2023.10.10"]
[SourceVersion "1"]
[SourceVersionDate "2023.10.10"]
[SourceQuality "1"]

1. c4 e5 2. Nc3 Nf6 3. Nf3 Nc6 4. e3 Bb4 5. d3 d5 6. cxd5 Nxd5 7. Bd2 0-0 8. Be2 Bg4 9. 0-0 Nf6 10. Ne1 Bf5 11. a3 Bd6 12. e4 Be6 13. Nb5 Be7 14. b4 Qd7 15. Be3 Nxb4 16. d4 exd4 17. Nxd4 Nc6 18. Nxe6 Qxd1 19. Bxd1 fxe6 20. f3 Na5 21. Bc1 Nxe4 22. Nd3 Nc3 23. Bd2 Bf6 24. Rc1 Bd4+ 25. Kh1 Nxd1 26. Rcxd1 Nc4 27. Bc1 Be3 28. Rfe1 Bxc1 29. Rxc1 Nxa3 30. Rxc7 Rad8 31. Nc5 b6 32. Na6 Nb5 33. Rb7 Rf7 34. Rb8 Rxb8 35. Nxb8 Rc7 36. Na6 Rc4 37. h3 Kf7 38. Ra1 Ke7 39. Rb1 Na3 40. Rb3 Nc2 41. Rb2 Kd6 42. Nb8 Kc7 0-1